<?xml version="1.0" encoding="UTF-8"?>
<record
    xmlns:xsi="http://www.w3.org/2001/XMLSchema-instance"
    xsi:schemaLocation="http://www.loc.gov/MARC21/slim http://www.loc.gov/standards/marcxml/schema/MARC21slim.xsd"
    xmlns="http://www.loc.gov/MARC21/slim">

  <leader>00696nam a2200241   4500</leader>
  <controlfield tag="005">20181005151357.0</controlfield>
  <controlfield tag="006">000</controlfield>
  <controlfield tag="007">000</controlfield>
  <controlfield tag="008">000</controlfield>
  <datafield tag="020" ind1=" " ind2=" ">
    <subfield code="a">9781292025759</subfield>
  </datafield>
  <datafield tag="040" ind1=" " ind2=" ">
    <subfield code="a">UOEL</subfield>
  </datafield>
  <datafield tag="050" ind1=" " ind2=" ">
    <subfield code="a">TD145</subfield>
    <subfield code="b">.M33 2014</subfield>
  </datafield>
  <datafield tag="100" ind1=" " ind2=" ">
    <subfield code="a">Masters, Gilbert M.</subfield>
  </datafield>
  <datafield tag="245" ind1=" " ind2=" ">
    <subfield code="a">Introduction to environmental engineering and science / </subfield>
    <subfield code="c">by Gilbert M. Masters and Wendell P. Ela</subfield>
  </datafield>
  <datafield tag="250" ind1=" " ind2=" ">
    <subfield code="a">3rd ed. :</subfield>
    <subfield code="b">Pearson New International Edition </subfield>
  </datafield>
  <datafield tag="260" ind1=" " ind2=" ">
    <subfield code="a">Edinburgh Gate :</subfield>
    <subfield code="b">Pearson ;</subfield>
    <subfield code="c">c2014.</subfield>
  </datafield>
  <datafield tag="300" ind1=" " ind2=" ">
    <subfield code="a">692 p . :</subfield>
    <subfield code="b">ill.</subfield>
  </datafield>
  <datafield tag="500" ind1=" " ind2=" ">
    <subfield code="a">includes index</subfield>
  </datafield>
  <datafield tag="650" ind1=" " ind2=" ">
    <subfield code="a"> Enviromental Engineering  and science</subfield>
  </datafield>
  <datafield tag="650" ind1=" " ind2=" ">
    <subfield code="a">Enviromental  Technology</subfield>
  </datafield>
  <datafield tag="700" ind1=" " ind2=" ">
    <subfield code="a">Wendell, P. Ela</subfield>
  </datafield>
  <datafield tag="942" ind1=" " ind2=" ">
    <subfield code="2">lcc</subfield>
    <subfield code="c">LL</subfield>
  </datafield>
  <datafield tag="999" ind1=" " ind2=" ">
    <subfield code="c">16532</subfield>
    <subfield code="d">16532</subfield>
  </datafield>
  <datafield tag="952" ind1=" " ind2=" ">
    <subfield code="0">0</subfield>
    <subfield code="1">0</subfield>
    <subfield code="2">lcc</subfield>
    <subfield code="4">0</subfield>
    <subfield code="7">0</subfield>
    <subfield code="a">UOE</subfield>
    <subfield code="b">UOE</subfield>
    <subfield code="c">GEN</subfield>
    <subfield code="d">2018-09-07</subfield>
    <subfield code="l">1</subfield>
    <subfield code="o">TD145 .M33 2014</subfield>
    <subfield code="p">20155188</subfield>
    <subfield code="r">2019-04-05 00:00:00</subfield>
    <subfield code="s">2019-03-26</subfield>
    <subfield code="t">20155188</subfield>
    <subfield code="w">2018-09-07</subfield>
    <subfield code="y">LL</subfield>
  </datafield>
  <datafield tag="952" ind1=" " ind2=" ">
    <subfield code="0">0</subfield>
    <subfield code="1">0</subfield>
    <subfield code="2">lcc</subfield>
    <subfield code="4">0</subfield>
    <subfield code="7">0</subfield>
    <subfield code="a">UOE</subfield>
    <subfield code="b">UOE</subfield>
    <subfield code="c">GEN</subfield>
    <subfield code="d">2018-09-07</subfield>
    <subfield code="l">0</subfield>
    <subfield code="o">TD145 .M33 2014</subfield>
    <subfield code="p">20155187</subfield>
    <subfield code="r">2018-09-07 00:00:00</subfield>
    <subfield code="t">20155187</subfield>
    <subfield code="w">2018-09-07</subfield>
    <subfield code="y">LL</subfield>
  </datafield>
  <datafield tag="952" ind1=" " ind2=" ">
    <subfield code="0">0</subfield>
    <subfield code="1">0</subfield>
    <subfield code="2">lcc</subfield>
    <subfield code="4">0</subfield>
    <subfield code="7">0</subfield>
    <subfield code="a">UOE</subfield>
    <subfield code="b">UOE</subfield>
    <subfield code="c">GEN</subfield>
    <subfield code="d">2018-09-07</subfield>
    <subfield code="l">0</subfield>
    <subfield code="o">TD145 .M33 2014</subfield>
    <subfield code="p">20155189</subfield>
    <subfield code="r">2018-09-07 00:00:00</subfield>
    <subfield code="t">20155189</subfield>
    <subfield code="w">2018-09-07</subfield>
    <subfield code="y">LL</subfield>
  </datafield>
  <datafield tag="952" ind1=" " ind2=" ">
    <subfield code="0">0</subfield>
    <subfield code="1">0</subfield>
    <subfield code="2">lcc</subfield>
    <subfield code="4">0</subfield>
    <subfield code="7">0</subfield>
    <subfield code="a">UOE</subfield>
    <subfield code="b">UOE</subfield>
    <subfield code="c">GEN</subfield>
    <subfield code="d">2018-09-07</subfield>
    <subfield code="l">0</subfield>
    <subfield code="o">TD145 .M33 2014</subfield>
    <subfield code="p">20155990</subfield>
    <subfield code="r">2018-09-07 00:00:00</subfield>
    <subfield code="t">20155990</subfield>
    <subfield code="w">2018-09-07</subfield>
    <subfield code="y">LL</subfield>
  </datafield>
  <datafield tag="952" ind1=" " ind2=" ">
    <subfield code="0">0</subfield>
    <subfield code="1">0</subfield>
    <subfield code="2">lcc</subfield>
    <subfield code="4">0</subfield>
    <subfield code="7">0</subfield>
    <subfield code="a">UOE</subfield>
    <subfield code="b">UOE</subfield>
    <subfield code="c">GEN</subfield>
    <subfield code="d">2018-09-07</subfield>
    <subfield code="l">0</subfield>
    <subfield code="o">TD145 .M33 2014</subfield>
    <subfield code="p">20155191</subfield>
    <subfield code="r">2018-09-07 00:00:00</subfield>
    <subfield code="t">20155191</subfield>
    <subfield code="w">2018-09-07</subfield>
    <subfield code="y">LL</subfield>
  </datafield>
</record>
